[Event "SC KO  1600-1900"]
[Site "SchemingMind.com"]
[Date "2010.10.09"]
[Round "-"]
[White "lemmie"]
[Black "drako"]
[Result "0-1"]
[WhiteCountry "NED"]
[BlackCountry "LAT"]
[WhiteElo "1758"]
[WhiteRD "67"]
[BlackElo "1974"]
[BlackRD "113"]
[GameID "262454"]

1. e4 c5 2. Nf3 Nc6 3. d4 cxd4 4. Nxd4 Nf6 5. Nc3 d6 6. Nxc6 bxc6 7. Bg5 Rb8 8. b3 Qa5 9. Bd2 Qe5 10. Bd3 g6
11. O-O Bg7 12. f4 Qd4+ 13. Kh1 O-O 14. Ne2 Qc5 15. Rb1 Ng4 16. h3 Nf2+ 17. Rxf2 Qxf2 18. a4 d5 19. exd5 cxd5
0-1

[Event "SC KO  1600-1900"]
[Site "SchemingMind.com"]
[Date "2010.10.09"]
[Round "-"]
[White "drako"]
[Black "lemmie"]
[Result "1-0"]
[WhiteCountry "LAT"]
[BlackCountry "NED"]
[WhiteElo "1974"]
[WhiteRD "113"]
[BlackElo "1758"]
[BlackRD "67"]
[GameID "262456"]

1. e4 e5 2. Nf3 Nc6 3. Bb5 a6 4. Bxc6 dxc6 5. O-O Bd6 6. h3 Qf6 7. d4 exd4 8. e5 Qg6 9. exd6 Bxh3 10. Re1+ Ne7
11. Rxe7+ Kf8 12. Ng5 Bf5 13. Nxf7 Rg8 14. Ne5 Qxd6 15. Rf7+ Ke8 16. Rxf5 g6 17. Nf7 Qd7 18. Qe2+ Qe7 19. Re5
1-0

[Event "SC KO  1600-1900"]
[Site "SchemingMind.com"]
[Date "2010.10.08"]
[Round "-"]
[White "Kid A"]
[Black "spoke"]
[Result "1-0"]
[WhiteCountry "FIN"]
[BlackCountry "GER"]
[WhiteElo "1748"]
[WhiteRD "109"]
[BlackElo "1710"]
[BlackRD "68"]
[GameID "262877"]

1. e4 e5 2. Nf3 Nc6 3. Bb5 Bb4 4. O-O Nge7 5. c3 Ba5 6. d4 exd4 7. cxd4 d5 8. exd5 Qxd5 9. Qa4 O-O 10. Nc3 Qh5
11. Ne4 a6 12. Bd3 Bg4 13. Ng3 Qd5 14. Be4 Qb5 15. Qxb5 axb5 16. Be3 Bxf3 17. Bxf3 Rad8 18. Rfd1 Bb6 19. d5 Bxe3 20. dxc6 Bf4
21. cxb7 c6 22. Ne4 Rb8 23. Nc5 Nf5 24. Nd7
1-0

[Event "SC KO  1600-1900"]
[Site "SchemingMind.com"]
[Date "2010.10.09"]
[Round "-"]
[White "e_castle3"]
[Black "loco61"]
[Result "1-0"]
[WhiteCountry "PHI"]
[BlackCountry "ENG"]
[WhiteElo "1737"]
[WhiteRD "77"]
[BlackElo "1605"]
[BlackRD "64"]
[GameID "262878"]

1. f4 c5 2. Nf3 Nc6 3. e4 e6 4. d3 Nf6 5. Be2 b6 6. O-O d5 7. e5 Nd7 8. c3 f6 9. d4 cxd4 10. cxd4 a6
11. a3 f5 12. Nc3 b5 13. Ng5 Nb6 14. Bh5+ g6 15. Be2 Nc4 16. b3 N4a5 17. Bb2 Be7 18. Nf3 b4 19. axb4 Nxb4 20. Ne1 Qb6
21. Na4 Qc7 22. Rf3 O-O 23. Rc3 Qd7 24. Nd3 Nxd3 25. Bxd3 Bb4 26. Rc2 Nxb3 27. Ra2 Na5 28. Nb6 Qb7 29. Nxa8 Qxa8 30. Ra4 Qb7
31. Ba3 Bxa3 32. Rxa3 Bd7 33. Rxa5
1-0

[Event "SC KO  1600-1900"]
[Site "SchemingMind.com"]
[Date "2010.10.08"]
[Round "-"]
[White "baobab"]
[Black "ichabod801"]
[Result "0-1"]
[WhiteCountry "ITA"]
[BlackCountry "USA"]
[WhiteElo "1623"]
[WhiteRD "83"]
[BlackElo "1772"]
[BlackRD "89"]
[GameID "262879"]

1. d4 Nf6 2. Nc3 g6 3. e4 d6 4. Bc4 Bg7 5. h3 O-O 6. f4 c5 7. Nf3 cxd4 8. Nxd4 Nc6 9. e5 Nxd4 10. Qxd4 dxe5
11. Qxe5 Nh5 12. Qb5 e6 13. O-O Qd4+ 14. Kh2 Bd7 15. Qb3 Rac8 16. Bd3 b6 17. Ne2 Qc5 18. Bd2 Rfd8 19. Bb4 Qc7 20. Bd2 Nf6
21. Kh1 Qb7 22. Kh2 Nd5 23. Be4 Bc6 24. Nc3 Ne7 25. Bxc6 Qxc6 26. Rf2 Nd5 27. Nxd5 Rxd5 28. Rc1 Rcd8 29. Bc3 Bxc3 30. bxc3 Rd2
31. Rcf1 Qc5 32. Rxd2 Rxd2 33. Rg1 Qf2 34. Qa4 Rxc2 35. Qxa7 Rxa2 36. Qb8+ Kg7 37. Qe5+ Kg8 38. Qb8+ Kg7 39. Qe5+ f6 40. Qxe6 Qxf4+
41. Kh1 Rc2 42. Qxb6 Rxc3 43. Qa7+ Kh6 44. Qe7 Qe5 45. Qf8+ Kh5 46. Qb4 f5 47. Qb7 h6 48. Rf1 Qe4 49. Qb2 Rc2
0-1

[Event "SC KO  1600-1900"]
[Site "SchemingMind.com"]
[Date "2010.10.08"]
[Round "-"]
[White "spoke"]
[Black "Kid A"]
[Result "1/2-1/2"]
[WhiteCountry "GER"]
[BlackCountry "FIN"]
[WhiteElo "1710"]
[WhiteRD "68"]
[BlackElo "1748"]
[BlackRD "109"]
[GameID "262883"]

1. e4 e5 2. Nf3 Nc6 3. Bc4 Nf6 4. Ng5 d5 5. exd5 Na5 6. Bb5+ c6 7. dxc6 bxc6 8. Be2 h6 9. Nf3 e4 10. Ne5 Bd6
11. d4 exd3 12. Nxd3 Qc7 13. b3 O-O 14. Bb2 Re8 15. h3 Qe7 16. Nc3 Ne4 17. O-O Nxc3 18. Bxc3 Nxb3 19. cxb3 Qxe2 20. Qxe2 Rxe2
21. Rfe1 Rxe1+ 22. Rxe1=
1/2-1/2

[Event "SC KO  1600-1900"]
[Site "SchemingMind.com"]
[Date "2010.10.09"]
[Round "-"]
[White "loco61"]
[Black "e_castle3"]
[Result "0-1"]
[WhiteCountry "ENG"]
[BlackCountry "PHI"]
[WhiteElo "1605"]
[WhiteRD "64"]
[BlackElo "1737"]
[BlackRD "77"]
[GameID "262884"]

1. e4 g6 2. d4 Bg7 3. Nf3 d6 4. Bc4 e6 5. Be3 Ne7 6. O-O O-O 7. Nc3 Nd7 8. Qd2 Nb6 9. Bd3 Re8 10. e5 d5
11. Rae1 a6 12. b3 Nd7 13. Bh6 Bh8 14. Qf4 b6 15. Ng5 Nf5 16. g4 Nxh6 17. Nxe6 Rxe6 18. Qxh6 c5 19. f4 cxd4 20. Nxd5 Bb7
21. Bc4 b5 22. Nf6+ Rxf6 23. exf6 bxc4 24. Re7 Bxf6 25. Rxf7 Kxf7 26. Qxh7+ Bg7 27. f5 g5 28. Qg6+ Kg8 29. Qe6+ Kh8 30. Qxc4 Nf6
31. h3 Rc8 32. Qf7 Rc7 33. Qe6 Qd5 34. Qe2 Rc3
0-1

[Event "SC KO  1600-1900"]
[Site "SchemingMind.com"]
[Date "2010.10.08"]
[Round "-"]
[White "ichabod801"]
[Black "baobab"]
[Result "1-0"]
[WhiteCountry "USA"]
[BlackCountry "ITA"]
[WhiteElo "1752"]
[WhiteRD "91"]
[BlackElo "1616"]
[BlackRD "94"]
[GameID "262885"]

1. c4 Nf6 2. Nc3 d5 3. cxd5 Nxd5 4. g3 Nc6 5. Bg2 e6 6. Nf3 Bd7 7. d4 Bb4 8. Bd2 O-O 9. O-O a5 10. Nxd5 exd5
11. a3 Bd6 12. Qc2 Re8 13. Rfe1 h5 14. Ng5 f5 15. Bxd5+ Kf8 16. Nh7+
1-0

[Event "SC KO  1600-1900"]
[Site "SchemingMind.com"]
[Date "2010.10.09"]
[Round "-"]
[White "cdevos"]
[Black "Spottdrossel"]
[Result "0-1"]
[WhiteCountry "NED"]
[BlackCountry "GER"]
[WhiteElo "1766"]
[WhiteRD "82"]
[BlackElo "1914"]
[BlackRD "74"]
[GameID "263047"]

1. d4 d5 2. Bf4 Nc6 3. Nf3 Nf6 4. e3 Bg4 5. Be2 e6 6. c3 Bd6 7. Ne5 Bxe2 8. Qxe2 Bxe5 9. dxe5 Nd7 10. Qg4 g6
11. Bg5 Ncxe5 12. Bxd8 Nxg4 13. Bxc7 Rc8 14. Bf4 e5 15. Bg5 f6 16. Bh4 h5 17. h3 Nh6 18. f3 Nc5 19. Bxf6 Rh7 20. O-O Nf5
21. Bxe5 Nxe3 22. Rf2 Re7 23. f4 Nc4 24. Nd2 Nxe5 25. fxe5 Nd3 26. Rf6 Nxe5 27. Rd1 Rc6 28. Rxc6 bxc6 29. Re1 Nd3 30. Rxe7+ Kxe7
31. b4 Nc1 32. Nf3 Ne2+ 33. Kf2 Nxc3 34. Ne5 Kd6 35. Nd3 Nxa2 36. Kf3 g5 37. Kg3 Nc3 38. Kf3 d4 39. h4 gxh4 40. Nf4 c5
41. bxc5+ Kxc5 42. Nxh5 a5 43. Nf4 a4 44. Nd3+ Kc4 45. Nc1 a3 46. Kg4 d3
0-1

[Event "SC KO  1600-1900"]
[Site "SchemingMind.com"]
[Date "2010.10.12"]
[Round "-"]
[White "FrsnkieF95"]
[Black "Transcendent"]
[Result "0-1"]
[WhiteCountry "ENG"]
[BlackCountry "ENG"]
[WhiteElo "1775"]
[WhiteRD "82"]
[BlackElo "1822"]
[BlackRD "58"]
[GameID "263048"]

1. e4 c5 2. Nc3 d6 3. g3 Nf6 4. Bg2 Nc6 5. Nge2 g6 6. d3 Bg7 7. O-O O-O 8. Bg5 h6 9. Bf4 e6 10. Qc1 Kh7
11. h3 e5 12. Be3 Be6 13. g4 Nd4 14. g5 hxg5 15. Bxg5 Qd7 16. h4 Bh3 17. Ng3 Bxg2 18. Kxg2 Ng8 19. Nce2 Nxe2 20. Nxe2 Nf6
21. Ng3 Ng4 22. h5 f6 23. hxg6+ Kxg6 24. Bh4 Bh6 25. Qd1 Rg8 26. Nf5 Kh7 27. Kh3 Rg7 28. Rg1 Rag8
0-1

[Event "SC KO  1600-1900"]
[Site "SchemingMind.com"]
[Date "2010.10.09"]
[Round "-"]
[White "Spottdrossel"]
[Black "cdevos"]
[Result "1-0"]
[WhiteCountry "GER"]
[BlackCountry "NED"]
[WhiteElo "1914"]
[WhiteRD "74"]
[BlackElo "1766"]
[BlackRD "82"]
[GameID "263055"]

1. e4 e5 2. Nf3 Nc6 3. Bb5 Qf6 4. Nc3 Qg6 5. O-O d6 6. d4 exd4 7. Nxd4 Bd7 8. Nxc6 bxc6 9. Bd3 Nh6 10. Re1 Be7
11. e5 Nf5 12. exd6 cxd6 13. Qf3 Nh4 14. Rxe7+ Kxe7 15. Qe2+ Qe6 16. Bg5+ f6 17. Qxe6+ Bxe6 18. Bxh4 Rab8 19. b3 h5 20. f4 Kd7
21. Re1 Rb4 22. Re4 Rhb8 23. f5 Bxf5 24. Rxb4 Rxb4 25. Bxf5+ Ke7 26. Bf2 Kf7 27. Bxa7 c5 28. Bb8 Rxb8 29. Kf2 Re8 30. a4 Re5
31. Be4 Ke6 32. a5 d5 33. a6
1-0

[Event "SC KO  1600-1900"]
[Site "SchemingMind.com"]
[Date "2010.10.13"]
[Round "-"]
[White "Transcendent"]
[Black "FrsnkieF95"]
[Result "1-0"]
[WhiteCountry "ENG"]
[BlackCountry "ENG"]
[WhiteElo "1816"]
[WhiteRD "55"]
[BlackElo "1790"]
[BlackRD "77"]
[GameID "263056"]

1. d4 Nf6 2. c4 c5 3. d5 b5 4. cxb5 a6 5. bxa6 Bxa6 6. Nc3 d6 7. g3 g6 8. Bg2 Bg7 9. Nf3 Nbd7 10. Rb1 O-O
11. O-O Qc7 12. b3 c4 13. Bb2 Rfb8 14. Re1 cxb3 15. axb3 Nc5 16. Nd4 Nfd7 17. Nc6 Rxb3 18. Nxe7+ Kf8 19. Nc6 Bxc3 20. Bxc3 Rxc3
21. Qd4
1-0

[Event "SC KO  1600-1900"]
[Site "SchemingMind.com"]
[Date "2010.10.12"]
[Round "-"]
[White "Scooter"]
[Black "mmccaffe"]
[Result "1-0"]
[WhiteCountry "USA"]
[BlackCountry "USA"]
[WhiteElo "1905"]
[WhiteRD "64"]
[BlackElo "1737"]
[BlackRD "55"]
[GameID "263197"]

1. d4 Nf6 2. Bf4 g6 3. h3 Bg7 4. Nf3 O-O 5. e3 d6 6. Bd3 Nbd7 7. O-O c5 8. c3 cxd4 9. exd4 Qb6 10. Qb3 Qxb3
11. axb3 a6 12. Re1 Re8 13. Nbd2 b5 14. Bxb5 Bb7 15. Bc4 Nb6 16. Ng5 Nbd5 17. Bg3 h6 18. Ngf3 Nb6 19. Bd3 Nh5 20. Bh2 f5
21. Ra5 Nd7 22. Nc4 Nhf6 23. Nh4 Kh7 24. Rea1 Rec8 25. Ne3 Rc7 26. Bxa6 Bxa6 27. Rxa6 Rxa6 28. Rxa6
1-0

[Event "SC KO  1600-1900"]
[Site "SchemingMind.com"]
[Date "2010.10.11"]
[Round "-"]
[White "mmccaffe"]
[Black "Scooter"]
[Result "0-1"]
[WhiteCountry "USA"]
[BlackCountry "USA"]
[WhiteElo "1709"]
[WhiteRD "60"]
[BlackElo "1941"]
[BlackRD "64"]
[GameID "263204"]

1. e4 c6 2. d4 d5 3. Nc3 dxe4 4. Nxe4 Bf5 5. Ng3 Bg6 6. c3 Nf6 7. Nf3 Nbd7 8. Bd3 Bxd3 9. Qxd3 e6 10. Bg5 Be7
11. O-O O-O 12. Rfe1 h6 13. Bd2 Qb6 14. b3 Rfd8 15. Qe2 c5 16. dxc5 Bxc5 17. Be3 Nd5 18. Bxc5 Qxc5 19. c4 N5f6 20. Ne4 Qb6
21. Nxf6+ Nxf6 22. Red1 Rd7 23. Rxd7 Nxd7 24. Rd1 Nf6 25. Qd3 Ng4 26. Qd4 Qxd4 27. Rxd4 Nf6 28. Ne5 Kf8 29. Nd7+= Ke7 30. Nxf6 gxf6
31. Kf1 Rg8 32. g3 f5 33. Ke2 Rg4 34. Ke3 e5 35. Rd5 Re4+ 36. Kd2 f4 37. Rc5 Rd4+ 38. Kc2 fxg3 39. hxg3 f6 40. Rc7+ Rd7
41. Rc8 Kf7 42. Rh8 Kg6 43. f3 h5 44. Rg8+ Rg7 45. Rxg7+ Kxg7 46. Kd3 f5 47. Ke3 Kf6 48. b4 Ke6 49. a4 b6 50. f4 e4
51. Kd4 Kd6 52. Ke3 a5 53. bxa5 bxa5 54. Kd4 Kc6 55. c5 e3 56. Kxe3 Kxc5 57. Kd3 Kb4 58. Kd4 Kxa4 59. Ke5 Kb5 60. Kxf5 a4
61. Kg6 a3 62. f5 a2 63. f6 a1=Q 64. f7 Qh8
0-1

[Event "SC KO  1600-1900"]
[Site "SchemingMind.com"]
[Date "2010.10.11"]
[Round "-"]
[White "marble"]
[Black "silent1"]
[Result "1-0"]
[WhiteCountry "ENG"]
[BlackCountry "CAN"]
[WhiteElo "1775"]
[WhiteRD "77"]
[BlackElo "1588"]
[BlackRD "94"]
[GameID "263291"]

1. e4 e5 2. Nf3 d6 3. d4 exd4 4. Nxd4 Be7 5. Nc3 Nf6 6. Bc4 O-O 7. O-O h6 8. Re1 Bd7 9. Nf5 Bxf5 10. exf5 Nc6
11. a3 Ne5 12. Bb3 c6 13. Bf4 Nfd7 14. Bxe5 dxe5 15. Qd3 Bf6 16. Ne4 Nb6 17. Qf3 Qe7 18. Rad1 Rad8 19. a4 Rxd1 20. Rxd1 Rd8
21. Re1 Nd5 22. g3 Bg5 23. Nxg5 Qxg5 24. Rxe5 Qc1+ 25. Kg2 Qxb2 26. Re2 Nf6 27. Re7 Nd5 28. Rxb7 Qd4 29. Qh5 Qe4+ 30. Kh3 Qe8
31. c4 Nf6 32. Qf3 Qe1 33. c5 Qf1+ 34. Qg2 Qxg2+ 35. Kxg2 Rd7 36. Rb8+ Kh7 37. Rf8 Nd5 38. Bc2 f6 39. h4 Nb4 40. Bb3 Nd5
41. f4 Ne3+ 42. Kf3 Nf1 43. Bg8+
1-0

[Event "SC KO  1600-1900"]
[Site "SchemingMind.com"]
[Date "2010.10.11"]
[Round "-"]
[White "silent1"]
[Black "marble"]
[Result "1/2-1/2"]
[WhiteCountry "CAN"]
[BlackCountry "ENG"]
[WhiteElo "1588"]
[WhiteRD "94"]
[BlackElo "1775"]
[BlackRD "77"]
[GameID "263295"]

1. d4 Nf6 2. c4 g6 3. Nc3 Bg7 4. e3 O-O 5. Bd3 d6 6. Nf3 Nbd7 7. O-O e5 8. dxe5 dxe5 9. h3 Re8 10. Ne4 Nxe4
11. Bxe4 Qf6 12. b4 Rd8 13. Bb2 Nb6 14. Qe2 Be6 15. Bxe5 Qe7 16. Bxg7 Kxg7 17. Qb2+ Kg8 18. Bxb7 Nxc4 19. Qc1 Rab8 20. Ba6 Nd6
21. a3 Rb6 22. Be2 Qd7 23. Ne5 Qe8 24. Bf3 Bf5 25. Nc6 Rc8 26. Nxa7 Bd7 27. Nxc8 Bxc8 28. Qxc7 Ra6 29. Be2 Nb5 30. Bxb5 Qxb5
31. Qxc8+ Kg7 32. Qc3+ Kh6 33. Qd2 g5 34. Rfc1 Qe5 35. Qc3 Qf5 36. Qc8 Qb5 37. Qf8+ Kg6 38. Qg8+ Kh6 39. Qxf7 Rb6 40. Qf8+ Kg6
41. Qg8+ Kh6 42. Qf8+ Kg6 43. Qg8+ Kh6= 44. Qf8+ Kg6 45. Qg8+
1/2-1/2

[Event "SC KO  1600-1900"]
[Site "SchemingMind.com"]
[Date "2010.12.21"]
[Round "-"]
[White "drako"]
[Black "Spottdrossel"]
[Result "1-0"]
[WhiteCountry "LAT"]
[BlackCountry "GER"]
[WhiteElo "2036"]
[WhiteRD "95"]
[BlackElo "1905"]
[BlackRD "78"]
[GameID "270404"]

1. e4 e6 2. g3 d5 3. Nc3 c5 4. Bg2 d4 5. Nce2 d3 6. cxd3 Qxd3 7. Nf4 Qd7 8. Nf3 Nf6 9. e5 Nd5 10. Nxd5 Qxd5
11. O-O Nc6 12. d4 Nxd4 13. Nxd4 Qxd4 14. Qe2 Be7 15. Rd1 Qb4 16. a3 Qb6 17. Qg4 Rg8 18. Bg5 Qc7 19. Bxe7 Qxe7 20. Rac1 Rb8
21. Rd6 b6 22. Rcd1 Ba6 23. Bc6+ Kf8 24. Rd7 Qe8 25. Rc7
1-0

[Event "SC KO  1600-1900"]
[Site "SchemingMind.com"]
[Date "2010.12.21"]
[Round "-"]
[White "Spottdrossel"]
[Black "drako"]
[Result "1-0"]
[WhiteCountry "GER"]
[BlackCountry "LAT"]
[WhiteElo "1905"]
[WhiteRD "78"]
[BlackElo "2036"]
[BlackRD "95"]
[GameID "270407"]

1. c4 c5 2. Nf3 Nc6 3. d4 cxd4 4. Nxd4 Nf6 5. Nc3 e6 6. e4 Bb4 7. Nxc6 bxc6 8. Bd3 O-O 9. e5 Qa5 10. Bf4 Bxc3+
11. bxc3 Qxc3+ 12. Kf1 Ng4 13. Rc1 Qa3 14. h3 Nxe5 15. Bxe5 d5 16. Rc3 Qb4 17. cxd5 cxd5 18. Qg4 Qxg4 19. hxg4 h6 20. f3 a5
21. a4 Ba6 22. Bxa6 Rxa6 23. Rc5 f6 24. Bc3 Rb8 25. Kf2 d4 26. Bxd4 Rb4 27. Ra1 Rxd4 28. Ke3 Rb4 29. Rb5 Rc4 30. Kd3 Rf4
31. Ke3 e5 32. g3 Rc4 33. Ra3 Ra7 34. Rb8+ Kf7 35. Rb5 Ke6 36. Rb6+= Ke7 37. Rb5 Kd6 38. Rd3+ Kc6 39. Rdb3 Rxa4 40. Rb6+
1-0

[Event "SC KO  1600-1900"]
[Site "SchemingMind.com"]
[Date "2011.01.13"]
[Round "-"]
[White "ichabod801"]
[Black "e_castle3"]
[Result "1-0"]
[WhiteCountry "USA"]
[BlackCountry "PHI"]
[WhiteElo "1854"]
[WhiteRD "81"]
[BlackElo "1666"]
[BlackRD "82"]
[GameID "272599"]

1. c4 c5 2. Nc3 Nc6 3. g3 Nf6 4. Bg2 e6 5. Nf3 Be7 6. O-O O-O 7. d4 h6 8. d5 exd5 9. cxd5 Nd4 10. Nxd4 cxd4
11. Qxd4 d6 12. Bd2 Bd7 13. Rac1 Qa5 14. a3 Qa6 15. Rfe1 Rfe8 16. e4 Bf8 17. Bf1 Qb6 18. Qxb6 axb6 19. f3 Rac8 20. Be3
1-0

[Event "SC KO  1600-1900"]
[Site "SchemingMind.com"]
[Date "2011.01.15"]
[Round "-"]
[White "e_castle3"]
[Black "ichabod801"]
[Result "0-1"]
[WhiteCountry "PHI"]
[BlackCountry "USA"]
[WhiteElo "1666"]
[WhiteRD "82"]
[BlackElo "1854"]
[BlackRD "81"]
[GameID "272604"]

1. e4 e6 2. d4 d5 3. exd5 exd5 4. Nf3 Nf6 5. Be2 Bd6 6. O-O h6 7. Bb5+ c6 8. Re1+ Be6 9. Bf1 O-O 10. b3 Re8
11. c4 b6 12. g3 Nbd7 13. Nbd2 Bb4 14. a3 Bxd2 15. Bxd2 Ne4 16. Bc1 Ndf6 17. Bb2 Qd7 18. Rc1 Bg4 19. Bg2 Re7 20. Qd3 Bxf3
21. Bxf3 Qf5 22. Re2 Rae8 23. Rce1 Nxg3
0-1

[Event "SC KO  1600-1900"]
[Site "SchemingMind.com"]
[Date "2011.01.28"]
[Round "-"]
[White "marble"]
[Black "Scooter"]
[Result "0-1"]
[WhiteCountry "ENG"]
[BlackCountry "USA"]
[WhiteElo "1419"]
[WhiteRD "62"]
[BlackElo "1913"]
[BlackRD "62"]
[GameID "274480"]

1. e4 c6 2. Nc3 d5 3. d4 dxe4 4. Nxe4 Bf5 5. Ng3 Bg6 6. h4 h6 7. h5 Bh7 8. Nf3 Nf6 9. Bd3 Bxd3 10. Qxd3 Nbd7
0-1

[Event "SC KO  1600-1900"]
[Site "SchemingMind.com"]
[Date "2011.02.02"]
[Round "-"]
[White "Kid A"]
[Black "Transcendent"]
[Result "1-0"]
[WhiteCountry "FIN"]
[BlackCountry "ENG"]
[WhiteElo "1646"]
[WhiteRD "112"]
[BlackElo "1878"]
[BlackRD "57"]
[GameID "274825"]

1. e4 c5 2. d4 cxd4 3. c3 dxc3 4. Nxc3 Nc6 5. Nf3 g6 6. Bc4 Bg7 7. O-O d6 8. Bg5 h6 9. Bh4 Nf6 10. e5 dxe5
11. Qxd8+ Nxd8 12. Nxe5 O-O 13. Nxg6 Re8 14. Rfe1 e6 15. Ne5 a6 16. a4 b6 17. Rad1 Bb7 18. Bxf6 Bxf6 19. Nd7 Bg7 20. Nxb6 Ra7
21. Rd7 Nc6 22. Bd5
1-0

[Event "SC KO  1600-1900"]
[Site "SchemingMind.com"]
[Date "2011.02.02"]
[Round "-"]
[White "Transcendent"]
[Black "Kid A"]
[Result "1-0"]
[WhiteCountry "ENG"]
[BlackCountry "FIN"]
[WhiteElo "1878"]
[WhiteRD "57"]
[BlackElo "1646"]
[BlackRD "112"]
[GameID "274830"]

1. d4 d5 2. c4 e6 3. Nf3 Nf6 4. g3 Be7 5. Bg2 O-O 6. O-O Nbd7 7. Qc2 c6 8. Nbd2 b6 9. b3 Bb7 10. Bb2 dxc4
11. Nxc4 c5 12. Rfd1 Qc7 13. dxc5 Nxc5 14. Be5 Qc8 15. Ng5 g6 16. Bd6 Bxd6 17. Nxd6 Qb8 18. Nxb7 Nxb7 19. Qc6 Nd5 20. Nxe6 Ne7
21. Qxb7 Qxb7 22. Bxb7
1-0

[Event "SC KO  1600-1900"]
[Site "SchemingMind.com"]
[Date "2011.04.03"]
[Round "-"]
[White "Spottdrossel"]
[Black "ichabod801"]
[Result "1-0"]
[WhiteCountry "GER"]
[BlackCountry "USA"]
[WhiteElo "1891"]
[WhiteRD "78"]
[BlackElo "1886"]
[BlackRD "79"]
[GameID "279538"]

1. c4 e6 2. Nf3 Nf6 3. g3 d5 4. d4 dxc4 5. Bg2 Nc6 6. Qa4 Bb4+ 7. Bd2 Nd5 8. Bxb4 Nxb4 9. O-O Rb8 10. Na3 a6
11. Ne5 O-O 12. Nxc6 Nxc6 13. Qxc4 Qxd4 14. Bxc6 Qxc4 15. Nxc4 bxc6 16. b3 Rb5 17. Rfc1 f6 18. Nb2 Bb7 19. Rd1 c5 20. Nc4 Bd5
21. Rac1 Kf7 22. Rc3 Rc8 23. Ne3 Bc6 24. a4 Rb7 25. Rb1 Ke7 26. Rbc1 Bd7 27. Nc4 c6 28. Na5 Rb6 29. Rxc5 Kd6 30. Rh5 h6
31. Nc4+
1-0

[Event "SC KO  1600-1900"]
[Site "SchemingMind.com"]
[Date "2011.04.03"]
[Round "-"]
[White "ichabod801"]
[Black "Spottdrossel"]
[Result "1-0"]
[WhiteCountry "USA"]
[BlackCountry "GER"]
[WhiteElo "1901"]
[WhiteRD "82"]
[BlackElo "1887"]
[BlackRD "80"]
[GameID "279544"]

1. c4 e5 2. Nc3 Bb4 3. Nd5 a5 4. Nf3 Nc6 5. a3 Bc5 6. d3 d6 7. g3 Nge7 8. Bg2 O-O 9. O-O Nxd5 10. cxd5 Nd4
11. Bd2 Nxf3+ 12. Bxf3 Bh3 13. Bg2 Bxg2 14. Kxg2 Qd7 15. Rc1 b6 16. Qc2 Rac8 17. b4 axb4 18. axb4 Bxb4 19. Bxb4 h6 20. Qc3 f5
21. e4 f4 22. f3 fxg3 23. hxg3 Ra8 24. Qxc7 Ra2+ 25. Rf2 Rxf2+ 26. Kxf2 Qg4 27. f4 exf4 28. Qc2 fxg3+ 29. Ke3 Rf3+ 30. Kd4 Rf2
31. Qc8+ Qxc8 32. Rxc8+ Kh7 33. Rc1 Rf6 34. Rg1 Rg6 35. Ke3 h5 36. Kf3 h4 37. d4 Kh6 38. e5
1-0

[Event "SC KO  1600-1900"]
[Site "SchemingMind.com"]
[Date "2011.04.04"]
[Round "-"]
[White "Scooter"]
[Black "Kid A"]
[Result "1-0"]
[WhiteCountry "USA"]
[BlackCountry "FIN"]
[WhiteElo "1933"]
[WhiteRD "64"]
[BlackElo "1615"]
[BlackRD "113"]
[GameID "279881"]

1. d4 d5 2. Nf3 Nf6 3. Bf4 e6 4. h3 c5 5. e3 Nc6 6. c3 Bd6 7. Bxd6 Qxd6 8. Bb5 O-O 9. O-O Bd7 10. Nbd2 Rfe8
11. Bxc6 Bxc6 12. dxc5 Qxc5 13. Nb3 Qb6 14. Nfd4 Bd7 15. Rb1 e5 16. Nf3 Rad8 17. Re1 Ba4 18. Nfd2 Ne4 19. Qg4 Nxd2 20. Nxd2 Bc2
21. Rbc1 Qxb2 22. Qe2 Bf5 23. Nf3 Qa3 24. Qb5 b6 25. Qb4 Qa6 26. Qh4 f6 27. Qb4 Rc8 28. Red1 Be4 29. Nd2 Bd3 30. Nf1 Bc4
31. Ng3 Qb7 32. Nf5 Bxa2 33. Nd6 Qd7 34. Nxe8 Rxe8 35. c4 Qb7 36. Qa4
1-0

[Event "SC KO  1600-1900"]
[Site "SchemingMind.com"]
[Date "2011.04.04"]
[Round "-"]
[White "Kid A"]
[Black "Scooter"]
[Result "0-1"]
[WhiteCountry "FIN"]
[BlackCountry "USA"]
[WhiteElo "1646"]
[WhiteRD "112"]
[BlackElo "1943"]
[BlackRD "63"]
[GameID "279888"]

1. e4 c6 2. d4 d5 3. Nc3 dxe4 4. Nxe4 Bf5 5. Ng3 Bg6 6. h4 h6 7. h5 Bh7 8. Nf3 Nd7 9. Bd3 Bxd3 10. Qxd3 Ngf6
11. Bf4 e6 12. O-O-O Be7 13. Kb1 Nd5 14. Bd2 Qc7 15. Ne2 O-O-O 16. c4 Nb4 17. Qb3 Qa5 18. a3 Qf5+ 19. Kc1 Nd3+
0-1

[Event "SC KO  1600-1900"]
[Site "SchemingMind.com"]
[Date "2011.06.08"]
[Round "-"]
[White "Scooter"]
[Black "Spottdrossel"]
[Result "0-1"]
[WhiteCountry "USA"]
[BlackCountry "GER"]
[WhiteElo "1933"]
[WhiteRD "64"]
[BlackElo "1887"]
[BlackRD "80"]
[GameID "286151"]

1. d4 d5 2. Nf3 Bg4 3. Nbd2 Nf6 4. e3 e6 5. Be2 Nbd7 6. O-O c6 7. c4 Bd6 8. c5 Bc7 9. b4 O-O 10. a4 Qe7
11. b5 e5 12. Bb2 e4 13. Nh4 Qe6 14. Bxg4 Nxg4 15. g3 f5 16. bxc6 bxc6 17. Ng2 Ba5 18. Nb3 Qh6 19. h4 Bd8 20. f3 Nxe3
21. Nxe3 Qxe3+ 22. Kg2 Rb8 23. Ra3 Bc7 24. Bc1 Qc3 25. Nd2 Qxd4 26. f4 Nxc5
0-1

[Event "SC KO  1600-1900"]
[Site "SchemingMind.com"]
[Date "2011.06.08"]
[Round "-"]
[White "Spottdrossel"]
[Black "Scooter"]
[Result "1-0"]
[WhiteCountry "GER"]
[BlackCountry "USA"]
[WhiteElo "1928"]
[WhiteRD "80"]
[BlackElo "1885"]
[BlackRD "62"]
[GameID "286155"]

1. c4 Nf6 2. d4 e6 3. Nf3 d5 4. g3 Be7 5. Bg2 O-O 6. O-O Nbd7 7. Qc2 b6 8. cxd5 Nxd5 9. e4 Nb4 10. Qa4 Bb7
11. Nc3 c5 12. dxc5 Bxc5 13. Rd1 Bc6 14. Qb3 Qc8 15. a3 Na6 16. Bf4 Nf6 17. Ne5 Bb7 18. Bf3 Rd8 19. Rxd8+ Qxd8 20. Rd1 Qe7
21. Qc4 Rd8 22. Rxd8+ Qxd8 23. b4 Bd4 24. Qd3 b5 25. Nxb5 Bb6 26. Qxd8+ Bxd8 27. Nd6 Ba8 28. Nexf7 Bc7 29. Be2 Nxe4 30. Bxa6
1-0